history - Statistieken

Algemene statistieken
  • Deze quiz is 136 keer genomen
  • De gemiddelde score is 5 van 10
Antwoordstatistieken
Vraag Antwoord % Correct
wanneer is het bevrijdingsdag 5 mei
80%
wanneer begon en eindigde de eerste crisis 1929-1939
70%
wat is de oude naam van ethiopie abbesinie
70%
hoe heette de eerste koning van nederland willem 1
70%
wat was het grootste rijk op aarde het britse rijk
60%
wanneer werd belgie onafhankelijk 1830
50%
met hoeveel landen hebben we oorlog gehad 5
40%
wanneer was de watersnood ramp 1953
30%
wanneer begon en eindigde de pest 1347-1351
20%
wanneer was het definitieve einde van joegoslavie 2008
10%
Geen overeenkomende quizzen gevonden
Scoreverdeling
Procent van Mensen met Elke Score
Percentiel versus Aantal Correcte Antwoorden
Uw Scoregeschiedenis
U heeft deze quiz nog niet genomen